|
|
|
|
| LEADER |
00000nam a2200000 4500 |
| 008 |
220826b2022 a|||| |||| 00| | spa d |
| 999 |
|
|
|c 3972
|d 3972
|
| 090 |
|
|
|a Digital
|
| 100 |
|
|
|9 759
|a García Fallas, Jacqueline
|
| 245 |
|
|
|a La educación en derechos humanos en la educación superior y en la formación docente: Guía sobre el perfil docente, el abordaje pedagógico y la evaluación. /
|c Jacqueline García Fallas; Susanne Müller-Using; Heidy Vega García; Stephanie Washburn Madrigal
|
| 260 |
|
|
|a San José, Costa Rica :
|b INIE,
|c 2022
|
| 300 |
|
|
|a 49 páginas;
|b ilustraciones; PDF
|
| 490 |
|
|
|a Colección Yigüirro
|
| 500 |
|
|
|a Producto del Proyecto de investigación 724-B7-305
|
| 650 |
1 |
4 |
|9 588
|a DERECHOS HUMANOS
|
| 650 |
1 |
4 |
|9 8
|a EDUCACIÓN SUPERIOR
|
| 650 |
1 |
4 |
|9 812
|a ESTRATEGIAS EDUCATIVAS
|
| 650 |
1 |
4 |
|9 1580
|a PERSONAL DOCENTE
|
| 650 |
1 |
4 |
|9 287
|a EVALUACIÓN
|
| 650 |
1 |
4 |
|9 719
|a EDUCACIÓN EN VALORES
|
| 650 |
1 |
4 |
|9 1822
|a GUÍA
|
| 700 |
1 |
|
|9 2021
|a Müller-Using Susanne
|
| 700 |
|
|
|9 4801
|a Vega García, Heidy
|
| 700 |
|
|
|9 3309
|a Washburn Madrigal, Stephanie
|
| 856 |
|
|
|u http://repositorio.inie.ucr.ac.cr/handle/123456789/566
|
| 942 |
|
|
|i 004705
|h Digital
|2 z
|c 01
|